| 000 | 00704nam a22001697a 4500 | ||
|---|---|---|---|
| 005 | 20240404100755.0 | ||
| 008 | 240404b |||||||| |||| 00| 0 eng d | ||
| 082 |
_a297 _bTAQ-M |
||
| 100 | _aMufti Muhammad Taqi Usmani | ||
| 245 |
_aMaariful Quran / _cMufti Muhammad Taqi Usmani . |
||
| 260 |
_aPakistan : _bQuranic studies publishers ; _c2022 . |
||
| 300 |
_av-1 (789 p.), v-2 (704 p.), v-3 (696 p.), v-4 (768 p,), v-5 (760 p.), v-6 (963 p.), v-7 (951 p.), v-8 (1144 p.) : _c25 cm . |
||
| 500 | _a1-Set of 8 volumes. 2-v-1 (789 p.), v-2 (704 p.), v-3 (696 p.), v-4 (768 p,), v-5 (760 p.), v-6 (963 p.), v-7 (951 p.), v-8 (1144 p.) | ||
| 650 | _aLiterature / Islamic | ||
| 650 | _aQuran | ||
| 999 |
_c35527 _d35527 |
||